[Event "FRA-chT2"]
[Site "France"]
[Date "2001.12.??"]
[Round "4"]
[White "Cousigne, Frederic"]
[Black "Bareyre, Patrick"]
[Result "1-0"]
[WhiteElo "2249"]
[BlackElo "2230"]
[PlyCount "75"]
[EventDate "2002.??.??"]
[EventType "team"]
[EventRounds "11"]
[EventCountry "FRA"]
[SourceTitle "EXT 2003"]
[Source "ChessBase"]
[SourceDate "2002.11.25"]
[SourceVersion "1"]
[SourceVersionDate "2002.11.25"]
[SourceQuality "1"]

1. d4 d5 2. c4 c6 3. Nf3 e6 4. e3 Nf6 5. Nbd2 Nbd7 6. Bd3 Bd6 7. 0-0 Qe7 8. e4 dxc4 9. Nxc4 Bc7 10. Bg5 h6 11. Bh4 b5 12. Nce5 Bb7 13. Rc1 Rc8 14. Nxc6 Bxc6 15. Rxc6 Bxh2+ 16. Nxh2 Rxc6 17. e5 a6 18. exf6 Qb4 19. Qf3 Rc8 20. fxg7 Rg8 21. Ng4 Rxg7 22. Nf6+ Nxf6 23. Qxf6 Rg8 24. a4 Rg4 25. Rd1 Rxh4 26. Qxh4 Qxa4 27. Be2 Qc2 28. Bf3 Qxb2 29. Qxh6 Qc3 30. d5 Rd8 31. Rc1 Qe5 32. dxe6 Qxe6 33. Qxe6+ fxe6 34. Rc6 Ra8 35. Rxe6+ Kf7 36. Rh6 Kg7 37. Bxa8 Kxh6 38. Kf1 1-0

[Event "Fouesnant op 07th"]
[Site "Fouesnant"]
[Date "2001.10.27"]
[Round "1"]
[White "Bareyre, Patrick"]
[Black "Hocher, Eugene"]
[Result "1-0"]
[WhiteElo "2230"]
[BlackElo "1680"]
[PlyCount "45"]
[EventDate "2001.10.27"]
[EventType "swiss"]
[EventRounds "7"]
[EventCountry "FRA"]
[SourceTitle "EXT 2003"]
[Source "ChessBase"]
[SourceDate "2002.11.25"]
[SourceVersion "1"]
[SourceVersionDate "2002.11.25"]
[SourceQuality "1"]

1. d4 Nf6 2. Nf3 g6 3. Nc3 Bg7 4. e4 d6 5. h3 0-0 6. Bg5 c6 7. Qd2 Qa5 8. Bd3 e5 9. 0-0 Nbd7 10. a3 exd4 11. Nxd4 Ne5 12. Be2 Re8 13. Rfe1 Ned7 14. Bf1 Nf8 15. Nb3 Qc7 16. Rad1 Rd8 17. e5 Ne6 18. Bxf6 Bxf6 19. exf6 d5 20. Qh6 d4 21. Nxd4 a6 22. Nxe6 fxe6 23. Rxd8+ 1-0